000
00315 a2200109 4500
001
ART_30805
005
20260410161705.0
008
260409a
245
1
0
_a
Gastos deducibles vs. deducciones personales
100
1
_a
Oklander, Juan
773
0
_t
Revista Impuestos
_g
- NÂș 13 (jul. 2008)
_w
REV639
999
_c
15583
_d
15583